| 000 | 01022nam a2200253 i 4500 | ||
|---|---|---|---|
| 001 | bg | ||
| 100 | 1 | _aURBAŃSKI, Aleksander | |
| 245 | 1 | 4 |
_aThe unified finite element formulation of homogenization of structural members with a periodic microstructure / _cAleksander Urbański. |
| 260 |
_aKraków : _bPolitechnika Krakowska, _c2005. |
||
| 300 |
_a183 s. : _brys., wykr. ; _c24 cm. |
||
| 490 | 1 | _aMonografia / Politechnika Krakowska im. Tadeusza Kościuszki. Inżynieria Lądowa | |
| 500 | _aISSN i nr serii gł.: 0860-097X ; 320. - Streszcz. fr., pol. | ||
| 504 | _aBibliogr. s. 165-173. | ||
| 650 | 9 |
_aMetoda elementów skończonych _xstosowanie _xbudownictwo |
|
| 650 | 9 | _aNaprężenia i odkształcenia | |
| 650 | 9 | _aStatyka budowlana | |
| 830 | 0 |
_aMonografia (Politechnika Krakowska im. Tadeusza Kościuszki). _pInżynieria Lądowa |
|
| 015 | _aPB 21112/2005 | ||
| 040 | _cBPK | ||
| 041 | 0 |
_aeng _bpolfre |
|
| 080 | _a624.04:539.3/.4:519.61/.64 | ||
| 942 | _cKS | ||
| 008 | s pl f |000 0 pol | ||
| 999 |
_c51709 _d51709 |
||
| 856 |
_uhttp://koha.tu.koszalin.pl/cgi-bin/koha/opac-detail.pl?biblionumber=51709 _yKatalog online BPK |
||